|
|
|
|
| LEADER |
00000nam0a2200000 4500 |
| 001 |
282825 |
| 005 |
20231101235532.0 |
| 035 |
|
|
|a (RuTPU)RU\TPU\book\306802
|
| 090 |
|
|
|a 282825
|
| 100 |
|
|
|a 20150203d1984 m y0rusy50 ca
|
| 101 |
0 |
|
|a rus
|
| 102 |
|
|
|a RU
|
| 105 |
|
|
|a a z 001zb
|
| 200 |
1 |
|
|a К. Ф. Богаевский
|f Р. Д. Бащенко
|
| 210 |
|
|
|a Москва
|c Изобразительное искусство
|d 1984
|
| 215 |
|
|
|a 293 с.
|c ил.
|
| 320 |
|
|
|a Библиогр.: с. 199-200
|
| 600 |
|
1 |
|a Богаевский
|b К. Ф.
|c советский живописец-пейзажист
|f 1872-1943
|g Константин Федорович
|2 stltpush
|3 (RuTPU)RU\TPU\pers\23943
|9 10579
|
| 606 |
1 |
|
|a Живописцы
|2 stltpush
|3 (RuTPU)RU\TPU\subj\10834
|9 37852
|
| 610 |
1 |
|
|a искусство
|
| 610 |
1 |
|
|a биографии
|
| 610 |
1 |
|
|a персоналии
|
| 610 |
1 |
|
|a жизнь
|
| 610 |
1 |
|
|a творчество
|
| 610 |
1 |
|
|a художники
|
| 610 |
1 |
|
|a 19 век
|
| 610 |
1 |
|
|a 20 век
|
| 675 |
|
|
|a 75.071
|v 3
|
| 700 |
|
1 |
|a Бащенко
|b Р. Д.
|g Роза Дмитриевна
|
| 801 |
|
1 |
|a RU
|b 63413507
|c 20150203
|
| 801 |
|
2 |
|a RU
|b 63413507
|c 20160916
|g RCR
|
| 942 |
|
|
|c BK
|